| 000 -LEADER |
| fixed length control field |
00808cam a2200241 i 4500 |
| 003 - CONTROL NUMBER IDENTIFIER |
| control field |
OSt |
| 005 - DATE AND TIME OF LATEST TRANSACTION |
| control field |
20220315180132.0 |
| 008 - FIXED-LENGTH DATA ELEMENTS--GENERAL INFORMATION |
| fixed length control field |
160715s2017 nyua 001 0 eng |
| 010 ## - LIBRARY OF CONGRESS CONTROL NUMBER |
| LC control number |
2016032729 |
| 020 ## - INTERNATIONAL STANDARD BOOK NUMBER |
| International Standard Book Number |
9781616895600 |
| Qualifying information |
(softcover) |
| 042 ## - AUTHENTICATION CODE |
| Authentication code |
pcc |
| 050 00 - LIBRARY OF CONGRESS CALL NUMBER |
| Classification number |
TA403.6 |
| Item number |
.T153 2017 |
| 082 00 - DEWEY DECIMAL CLASSIFICATION NUMBER |
| Classification number |
620.1/1 |
| Edition number |
23 |
| 100 1# - MAIN ENTRY--PERSONAL NAME |
| Personal name |
Brownell, Blaine Erickson, |
| Dates associated with a name |
1970- |
| Relator term |
author. |
| 245 10 - TITLE STATEMENT |
| Title |
Transmaterial next : |
| Remainder of title |
a catalog of materials that redefine our future / |
| Statement of responsibility, etc |
edited by Blaine Brownell. |
| 250 ## - EDITION STATEMENT |
| Edition statement |
First edition. |
| 300 ## - PHYSICAL DESCRIPTION |
| Extent |
314 pages : |
| Other physical details |
color illustrations ; |
| Dimensions |
23 cm |
| 504 ## - BIBLIOGRAPHY, ETC. NOTE |
| Bibliography, etc |
Includes bibliographical references and indexes. |
| 650 #0 - SUBJECT ADDED ENTRY--TOPICAL TERM |
| Topical term or geographic name as entry element |
Materials |
| General subdivision |
Technological innovations. |
| 650 #0 - SUBJECT ADDED ENTRY--TOPICAL TERM |
| Topical term or geographic name as entry element |
Materials |
| Form subdivision |
Catalogs. |
| 700 1# - ADDED ENTRY--PERSONAL NAME |
| Personal name |
Brownell, Blaine Erickson, |
| Dates associated with a name |
1970- |
| Relator term |
editor. |
| 942 ## - ADDED ENTRY ELEMENTS (KOHA) |
| Source of classification or shelving scheme |
|